00814nam a22002057a 4500003000900000008004100009020001500050040007100065082001800136100001600154245005400170260004400224300002600268505018900294650002500483650002300508650002000531650002100551700003600572AR-CdUCM190227b ||||| |||| 00| 0 spa d a8483701928 aMUNICIPALIDAD PROVINCIAL DEL CUSCOcBIBLIOTECA MUNICIPAL DEL CUSCO a291.17 /bR84 aRosing, Ina aLa Mesa Blanca Callawaya :buna introducción / aBolivia :bLos amigos del libro,c1992. a292 paginas ;c23 cm. aEl problema de la traducción quechua -- La investigación sobre los callawayas -- Conceptos propios y extraños, simplicidad y complejidad -- Particularidades de la curación...  aCuranderos y medicos aHierbas silvestres aPraxis curativa aOfrendas de mesa aDen Berg, Hans Van (Traduccion)